Central Library OPAC University of Rajshahi

রাগ সমারোহ / (Record no. 39101)

MARC details
000 -LEADER
fixed length control field 00751nam a2200229 a 4500
001 - CONTROL NUMBER
control field 39101
003 - CONTROL NUMBER IDENTIFIER
rucl marc code BD-RjUL
005 - DATE AND TIME OF LATEST TRANSACTION
control field 20211209052922.0
008 - FIXED-LENGTH DATA ELEMENTS--GENERAL INFORMATION
fixed length control field 160404s2005 bg ||||e |||| 00| 0 ben d
020 ## - INTERNATIONAL STANDARD BOOK NUMBER
International Standard Book Number 9845550401 :
Terms of availability TK 230.00
035 ## - SYSTEM CONTROL NUMBER
System control number 39213
040 ## - CATALOGING SOURCE
Original cataloging agency BD-RjUL
Language of cataloging ben
Transcribing agency BD-RjUL
041 ## - LANGUAGE CODE
Language code of text/sound track or separate title ben
082 ## - DEWEY DECIMAL CLASSIFICATION NUMBER
Edition number 23
Classification number 782
Author mark and year FAR 2005
100 ## - MAIN ENTRY--PERSONAL NAME
Personal name ফারুক, ওমর
9 (RLIN) 120660
245 10 - TITLE STATEMENT
Title রাগ সমারোহ /
Statement of responsibility, etc. ওমর ফারুক |
260 ## - PUBLICATION, DISTRIBUTION, ETC. (IMPRINT)
Place of publication, distribution, etc. ঢাকা :
Name of publisher, distributor, etc. বাংলাদেশ শিল্পকলা একাডেমী,
Date of publication, distribution, etc. ২০০৫
300 ## - PHYSICAL DESCRIPTION
Pagination [৮], ২৪৯ পৃ,
Size ২৪ সেমি.
650 ## - SUBJECT ADDED ENTRY--TOPICAL TERM
9 (RLIN) 120616
Topical term or geographic name as entry element কন্ঠ সংগীত
9 (RLIN) 120678
Topical term or geographic name as entry element Vocal music
942 ## - ADDED ENTRY ELEMENTS (KOHA)
Source of classification or shelving scheme Dewey Decimal Classification
Koha item type Books
Holdings
Lost status Source of classification or shelving scheme Damaged status Not for loan Collection code Permanent Location Current Location Shelving location Date acquired Source of acquisition Cost, normal purchase price Total Checkouts Full call number Date last seen Copy number Koha item type Date checked out
  Dewey Decimal Classification   Not For Loan Non-fiction Central Library, University of Rajshahi Central Library, University of Rajshahi Reading Room 24/06/2013 Dhaka, Bangladesh Shilpokola Academy 230.00   B 782 FAR 2005 04/04/2016 C-1 Books  
  Dewey Decimal Classification     Non-fiction Central Library, University of Rajshahi Central Library, University of Rajshahi   24/06/2013 Dhaka, Bangladesh Shilpokola Academy 230.00   B 782 FAR 2005 04/04/2016 C-2 Books  
  Dewey Decimal Classification     Non-fiction Central Library, University of Rajshahi Central Library, University of Rajshahi   24/06/2013 Dhaka, Bangladesh Shilpokola Academy 230.00 1 B 782 FAR 2005 26/02/2020 C-3 Books 10/02/2020